• 首页
  • 本馆介绍
  • 公告通知
  • 最新文献
  • 馆藏检索
  • 电子资源
  • 读者导购
  • 参考咨询
  • 我的图书馆
  • 登录
  • 详细信息显示
  • 放入我的书架
  • 预约/预借图书
  • 作者相关作品
  • 分类相关作品
  • 丛书相关作品
  • 出版社相关作品

书目信息

  • 表格格式
  • 工作单格式
  • 卡片格式
书名: Total fitness
作者: Scott K. Powers, Stephen L. Dodd.
分册号:
分册名:
出版地: Boston :
 
出版社: Allyn and Bacon
出版时间: c1996.
页数: xix, 398 p. :
开本: 28 cm.
丛书名:
中图分类号:
科图分类号:
其他分类号: R165
主题词:
电子资源:
000 01081cam a2200313 a 450
001 E0759222031
005 20070513163123.92
008 950622s1996 maua b 001 0 eng
010    @a95024481
020    @a0130958948.
035    @A(DLC) 95024481
040    @aDLC@cDLC@dDLC
050 00 @aRA781@b.P66 1996
082 00 @a613.7@2 20
090    @aR165
099    @dR165@ex56
100 1  @aPowers, Scott K.@q(Scott Kline),@d1950-
245 10 @aTotal fitness :@bexercise, nutrition, and wellness / @cScott K. Powers, Stephen L. Dodd.
260    @aBoston :@bAllyn and Bacon,@cc1996.
300    @axix, 398 p. :@bcol. ill. ;@c28 cm.
504    @aIncludes bibliographical references and index.
650  0 @aNutrition.
650  0 @aPhysical fitness.
650  0 @aExercise.
650  0 @aHealth.
700 1  @aDodd, Stephen L.
906    @a7@bcbc@corignew@d1@eocip@f19@gy-gencatlg
955    @apc03 to ja00 06-22-95; jc09 06-23-95; jc06 06-23-95; jc13 06-27-95; jb00 08-02-96; CIP ver. jb11 08-29-96
991    @bc-GenColl@hRA781@i.P66 1996@p00036038640@tCopy 1@wBOOKS
    
    Total fitness : : exercise, nutrition, and wellness / / Scott K. Powers, Stephen L. Dodd.-Boston : : Allyn and Bacon, , c1996.
    xix, 398 p. : : col. ill. ; ; 28 cm.
    Includes bibliographical references and index.
    
    ISBN 0130958948.
    
●
相关链接 在E读中查询图书 在五车中查询图书 在当当中查询图书 在豆瓣中查询图书


正题名:Total fitness     索取号:R165/x56         预约/预借

序号 登录号 条形码 馆藏地/架位号 状态 备注
1 0009011   300090112   第二样本阅览室/ [索取号:R165/x56] 在馆    
2 0009012   300090121   第四借阅区/ [索取号:R165/x56] 在馆    
3 0009013   300090130   第四借阅区/ [索取号:R165/x56] 在馆    
唐山师范学院图书馆 欢迎您!
大连网信软件有限公司© 版权所有